Anthem of the Holy Roman Empire - Gott erhalte Franz den Kaiser - Statistics

General Stats
  • This quiz has been taken 9 times
  • The average score is 30 of 47
Answer Stats
Lyrics % Correct
den
100%
den
100%
den
100%
er
100%
erhalte
100%
erhalte
100%
erhalte
100%
Franz
100%
Franz!
100%
Franz
100%
Franz!
100%
Franz
100%
Franz!
100%
Gott
100%
Gott
100%
Gott
100%
Kaiser,
100%
Kaiser
100%
Kaiser,
100%
Kaiser
100%
Kaiser,
100%
Kaiser
100%
guten
67%
guten
67%
guten
67%
Unsern
56%
Unsern
56%
Unsern
56%
in
44%
Hoch
33%
hoch
33%
als
22%
als
22%
des
22%
ewig
22%
Glanz;
22%
grünen
22%
Herrscher,
22%
Ihm
22%
Kranz.
22%
Liebe
22%
Lorbeerreiser
22%
Ruhmes
22%
Steht
22%
Weiser,
22%
windet
22%
zum
22%
No matching quizzes found
Score Distribution
Percent of People with Each Score
Percentile by Number Answered
Your Score History
You have not taken this quiz